000 004940000a22001090004500
090 _aAS
_bSeriadas
245 1 0 _aPhlebotominae de Colombia (<Diptera, Psychodidae>) IX. Distribución geográfica de especies de Brumptomyia Franca y parrot, 1921 y lutzomya franca, 1924 encontradas en Colombia S. A.
041 0 _aEspañol
100 1 _aOsorno Mesa, Ernesto
_999162
942 _cARTICULO
773 1 _tRevista de la Academia Colombiana de Ciencias Exactas, Fisicas y Naturales
_332
_h53
_q45-68
_d1972
_g14
999 _c14244
_d14244